Gioia e conforto

保存先:
書誌詳細
第一著者: Grimsley Jim
フォーマット: 図書
言語:言語不明
出版事項: Albano Laziale (RM) Cardo 2006
タグ: タグ追加
タグなし, このレコードへの初めてのタグを付けませんか!

MARC

LEADER 00000nam a2200000Ia 4500
001 304
003 NUMERAZIONE-ORIGINALE-BRESCIA
005 20260206230751.0
008 260206s9999 xx 000 0 und d
100 |a Grimsley Jim 
245 0 |a Gioia e conforto 
260 |a Albano Laziale (RM) 
260 |b Cardo 
260 |c 2006 
500 |a Antinoo 
942 |2 ddc  |c BK  |n 0 
952 |0 0  |1 0  |2 ddc  |4 0  |6 26  |7 0  |9 28505  |a BS  |b BS  |d 2026-02-06  |i 304  |l 0  |o 2-6-*  |r 2026-02-06 22:40:36  |w 2026-02-06  |x [REVISIONARE]  |y BK 
999 |c 24177  |d 24177